| 000 | 00567 a2200169 4500 | ||
|---|---|---|---|
| 245 |
_aHeart of darkness _b : an authoritative text, backgrounds and sources, criticism _hprint |
||
| 020 | _a0393955524 (pbk.) | ||
| 250 | _a3rd ed. | ||
| 700 | _aConrad, Joseph | ||
| 700 | _aKimbrough, Robert. | ||
| 650 | _aENGLISH LITERATURE | ||
| 005 | 20191017171904.0 | ||
| 260 |
_anyu _bNorton _cc1988 |
||
| 084 | _aPR6005.O4 H4 1988 | ||
| 300 |
_axvii, 420 p. : ill. _b 22 cm. _cxvii, 420 p. : ill. ; 22 cm. |
||
| 500 | _aJoseph Conrad ; edited by Robert Kimbrough. | ||
| 490 | _aA Norton critical edition | ||
| 999 |
_c8158 _d8158 |
||